ბათუმის შოთა რუსთაველის სახელმწიფო უნივერსიტეტის ბიბლიოთეკა

ბუნებათსარგებლობა (ბიბ.ჩანაწერი № 50771)

000 -LEADER
fixed length control field 00716nam a2200229Ia 4500
001 - CONTROL NUMBER
control field 17723
003 - CONTROL NUMBER IDENTIFIER
control field GE_BSU
008 - FIXED-LENGTH DATA ELEMENTS--GENERAL INFORMATION
fixed length control field 181216s||||||||xx |||||||||||||| ||und||
020 ## - INTERNATIONAL STANDARD BOOK NUMBER
International Standard Book Number 9789941909429
040 ## - CATALOGING SOURCE
Transcribing agency GE_BSU
080 ## - UNIVERSAL DECIMAL CLASSIFICATION NUMBER
Universal Decimal Classification number 631.4:502:578/579(075.8)
100 ## - MAIN ENTRY--PERSONAL NAME
Personal name ლორთქიფანიძე, რ.
245 ## - TITLE STATEMENT
Title ბუნებათსარგებლობა
250 ## - EDITION STATEMENT
Edition statement მეორე გამოცემა.
260 ## - PUBLICATION, DISTRIBUTION, ETC.
Place of publication, distribution, etc. ქუთაისი
260 ## - PUBLICATION, DISTRIBUTION, ETC.
Name of publisher, distributor, etc. მბმ პოლიგრაფი
260 ## - PUBLICATION, DISTRIBUTION, ETC.
Date of publication, distribution, etc. 2010.
300 ## - PHYSICAL DESCRIPTION
Extent 255 გვ.21სმ.ცხრ.
300 ## - PHYSICAL DESCRIPTION
Accompanying material ბიბლ.გვ.250-252
653 ## - INDEX TERM--UNCONTROLLED
Uncontrolled term ბუნებათსარგებლობა
942 ## - ADDED ENTRY ELEMENTS (KOHA)
Koha item type წიგნი
ეგზემპლარები
Withdrawn status Lost status Damaged status Not for loan Date acquired Barcode Date last seen Price effective from Koha item type
        2018-12-17 41583 2018-12-17 2018-12-17 წიგნი